000 01072nam a22003377a 4500
001 001130
003 DO-SdBNP
005 20171108133829.0
007 001130
008 160812b 2003 sp |||| |||| 00| 0 spa d
020 _a9788430603999
040 _aBPMSU
_bspa
_cBPMSU
082 _a193
_bH114p 2003
092 _a
_b
100 1 _aHabermas, Jürgen
_d1929-
240 _aPhilosophisch-politische profile.
245 1 0 _aPerfiles filosófico-políticos /
_6Jürgen Habermas traducción Manuel Jiménnez Redondo
250 _a2a ed.
260 _aMadrid :
_bTaurus,
_c2003.
300 _a424 p. :
_c22 cm.
500 _aIncluye índice onomástico
504 _aIncluye referencias bibliográficas y notas al pie de las páginas
650 _aFILOSOFÍA ALEMANA
650 _aFILÓSOFOS ALEMANES
650 _aFILÓSOFOS ALEMANES
_xCRÍTICA E INTERPRETACIÓN
700 1 _aJiménez Redondo, Manuel,
_etr.
942 _2ddc
_cBK
945 _aInventariado, 2017/MFF
956 _aBTAVÁREZ
_b10
_c20161208
_d001130
956 _aVMATEO
_b10
_c20160927
_dBPMSU
999 _c11154
_d11154